1721 1775 1579 1256 1096 1890 1288 1723 1896 1476 1969 1621 1332 1464 1968 1668 1384 1017 1088 1079 1524 1603 1322 1133 1838 1439 1376 1543 1399 1508 1645 1054 1618 1993 1346 1892 1041 1683 1822 1581 1426 1464 1080 1511 1014 1846 1194 1688 1973 1519 1752 1189 1906 1156 1689 1386 1758 1917 1857 1317 1447 1530 1063 1455 1898 1356 1383 1442 1418 1015 1336 1222 1251 1931 1567 1980 1411 1657 1727 1511 1084 1273 1412 1757 1314 1938 1174 1743 1298 1535 1923 1881 1023 1809 1649 1374 1186 1202 1363 BCNSPRNW ULIB Ver.6.0+V

เปลี่ยนเป็นภาษาไทย

Change to English
 แสดงรายละเอียดบรรณานุกรม
  กลับหน้าหลัก

Brief Record : Get Marc (ISO 2709) : E-mail record : QR code < ปิดหน้าต่าง
LEADER : 00000nam 2200000uu 4500
001    13399114842
003     ULIB
008    110627s2555||||th 000 0 tha d
090    นว.^bว918G
100 0  เวสต์ แคลร์
245 00 พลิกปมสังหารประธานาธิบดี/^cเวสต์ แคลร์
250    พิมพ์ครั้งที่ 1
260    กรุงเทพฯ :^bซีเอ็ดยูเคชั่น,^c2555-
300     หน้า
945    ^p0^l0^i028462
995    ทศพร
999 ^a ใช้งานได้ทุกระบบ
รายการนี้ยังไม่มีแท็ก
คุณยังไม่ได้ล็อกอิน คุณสามารถมีกิจกรรมร่วมกับเว็บไซต์ได้ แต่ต้องล็อกอินก่อน ::
  ล็อกอิน

รายการสื่อสารสนเทศ

ลำดับที่ ประเภท เลขเรียก/บาร์โค้ด สถานที่ สถานะ
1. นวนิยาย
นวนิยาย
นว. ว918G ฉ.1 
  Barcode: 028462
ห้องสมุดวิทยาเขตสวรรค์ประชารักษ์
►นวนิยาย
บนชั้น
  ขอยืม

รายการใกล้เคียง
    ผู้แต่ง [เวสต์ แคลร์]

BibComment


ยังไม่เคยถูกคอมเมนท์

คอมเมนท์ทรัพยากรรายการนี้
  คอมเมนท์: พลิกปมสังหารประธา..


 Copyright 2026. Bcnsprnw @Library